| 000 | 01718nam a2200409 i 4500 | ||
|---|---|---|---|
| 001 | 15528636 | ||
| 003 | EG-ScBUE | ||
| 005 | 20230302065402.0 | ||
| 008 | 081119t2021 nyu f b 001 0 eng d | ||
| 020 | _a9780071598309 (pbk. : alk. paper) | ||
| 020 | _a9781260469349 | ||
| 020 | _a1260469344 | ||
| 035 | _a(OCoLC)ocn225873609 | ||
| 040 |
_aDNLM/DLC _beng _erda _cDLC _dYDX _dBTCTA _dBAKER _dYDXCP _dYUS _dDLC _dEG-ScBUE |
||
| 082 | 0 | 4 |
_222 _a616.890076 _bKLA |
| 100 | 1 |
_aKlamen, Debra L., _eauthor. |
|
| 245 | 1 | 0 |
_aPreTest psychiatry : _bPreTest self-assessment and review / _cDebra L. Klamen, MD, MHPE, FAPA, senior associate dean, education and curriculum, professor and chair, Department of Medical Education, Southern Illinois University School of Medicine, Springfield, Illinois. |
| 246 | 3 | 0 | _aPsychiatry |
| 250 | _aFifteenth edition. | ||
| 264 | 1 |
_aNew York : _bMcGraw-Hill, _c[2021] |
|
| 264 | 4 | _cc2021 | |
| 300 |
_aix, 308 pages ; _c21 cm. |
||
| 336 |
_2rdacontent _atext _btxt |
||
| 337 |
_2rdamedia _aunmediated _bn |
||
| 338 |
_2rdacarrier _avolume _bnc |
||
| 490 | 0 | _aPreTest self-assessment and review | |
| 504 | _aIncludes bibliographical references and index. | ||
| 650 | 7 |
_aPsychiatry _vExaminations, questions, etc. _2BUEsh |
|
| 650 | 7 |
_aMental Disorders _vExamination Questions. _2BUEsh |
|
| 650 | 7 |
_aPsychotherapy _vExamination Questions. _2BUEsh |
|
| 653 |
_bNNUR _cMarch2023 |
||
| 655 | _vReading book | ||
| 906 |
_a7 _bcbc _corignew _d1 _eecip _f20 _gy-gencatlg |
||
| 942 |
_2ddc _cBB |
||
| 999 |
_c30184 _d30155 |
||